000 00283nam a2200109Ia 4500
008 190722s9999 xx 000 0 und d
100 _aDr. A.B.Mathur V.P Jaggi
245 0 _aAdvanced Engineering Mathematics
260 _aNew Delhi
_bKhanna Publishers
_c2013
300 _a1300
942 _cBK
999 _c21
_d21